000 00726nam a2200289Ia 4500
005 20260324121126.0
008 008 260324s9999 xx 000 0 eng d
020 _a9781315819594
037 _aEBOOK
040 _aCRL
040 _beng
040 _cCRL
041 _2eng
041 _aeng
084 _qCRL
100 _aSilvia Tiezzi; Chiara Martini
_91161285
245 0 _aIs the Environment a Luxury?
245 3 _bAn Inquiry into the relationship between environment and income
260 _bTaylor and Francis
260 _c2014
365 _a
365 _b240
856 _uhttp://www.taylorfrancis.com/books/9781315819594
942 _cEBOOK
999 _c1753195
_d1753195